Name a Valid Football Team - Statistics

General Stats
  • This quiz has been taken 272 times
  • The average score is 13 of 16
Answer Stats
Hint Answer % Correct
Won the Champions League or European Cup more than once. Real Madrid | AC Milan | Bayern Munich | Liverpool | Barcelona | Ajax | Manchester United | Inter Milan | Juventus | Benfica | Chelsea | Nottingham Forest | Porto
100%
Won the English top division more than twice. Manchester United | Liverpool | Arsenal | Everton | Aston Villa | Manchester City | Sunderland | Chelsea | Newcastle | Sheffield Wednesday | Wolverhampton Wanderers | Leeds United | Huddersfield Town | Blackburn Rovers
97%
Clubs that have had more than one player win the Balon d'Or while playing for them. Barcelona | Real Madrid | Juventus | AC Milan | Bayern Munich | Manchester United | Dynamo Kiev | Inter Milan
96%
Clubs that Real Madrid have beat in the Champions League or European Cup final. Stade de Reims | Fiorentina | AC Milan | Eintracht Frankfurt | Partizan Belgrade | Juventus | Valencia | Bayer Leverkusen | Atletico Madrid | Liverpool
94%
Won the Bundesliga since 2000 except from Bayern Munich. Borussia Dortmund | Werder Bremen | VfB Stuttgart | VfL Wolfsburg
93%
Won more than one Scottish Cup. Celtic | Rangers | Queen's Park | Heart of Midlothian | Aberdeen | Clyde | Hibernian | Kilmarnock | St Mirren | Vale of Leven | Dundee United | Dunfermline | Falkirk | Motherwell | Renton | St Johnstone | Third Lanark
92%
Won the European Cup in the 1960s. Real Madrid | Benfica | AC Milan | Inter Milan | Celtic | Manchester United
88%
Clubs managed by Carlo Ancelotti Reggiana | Parma | Juventus | AC Milan | Chelsea | PSG | Real Madrid | Bayern Munich | Napoli | Everton
87%
Clubs that play in the league of a different country than the one they are based in. Cardiff City | Swansea City | Newport County | Derry City | Andorra | Vaduz | AS Monaco | Toronto | Vancouver Whitecaps | Montreal | DPMM | Wellington Phoenix
76%
Won the Copa Libertadores more than three times. Independiente | Boca Juniors | Peñarol | River Plate | Estudiantes
72%
Clubs that Messi has scored 4 or more goals against in a single match. Eibar | Osasuna | Espanyol | Valencia | Arsenal | Bayer Leverkusen
71%
Clubs that Craig Bellamy made at least one professional appearance for. Norwich City | Coventry City | Newcastle United | Celtic | Blackburn Rovers | Liverpool | West Ham United | Manchester City | Cardiff City
67%
Clubs whose current home stadium has hosted a World Cup final Flamengo | Fluminense | Universidad de Chile | Palestino | Club America | Cruz Azul | Turkgucu Munchen | River Plate | Real Madrid | Roma | Lazio | Yokohama F Marinos | Hertha Berlin | Kaizer Chiefs
63%
Clubs from countries that Jetpunk considers to be in Asia that have played in the Champions League Qarabağ | Anorthosis Famagusta | APOEL | Hapoel Tel Aviv | Maccabi Haifa | Maccabi Tel Aviv | Astana | Beşiktaş | Bursaspor | Fenerbahçe | Galatasaray | İstanbul Başakşehir | Trabzonspor
59%
Football League founding members. Accrington | Aston Villa | Blackburn Rovers | Bolton Wanderers | Burnley | Derby County | Everton | Notts County | Preston North End | Stoke | West Bromwich Albion | Wolverhampton Wanderers
55%
UEFA Intertoto Cup winners. Hamburger SV | VfB Stuttgart | Schalke 04 | Karlsruher SC | Auxerre | Bologna | Valencia | Montpellier | Lille | Newcastle United | Bordeaux | Strasbourg | Guingamp | Silkeborg | Bastia | Lyon | Werder Bremen | Juventus | West Ham United | Celta Vigo | Udinese | Aston Villa | Paris Saint-Germain | Troyes | Fulham | Malaga | Perugia | Lens | Marseille | Braga | Tirol Innsbruck | Rotor Volgograd | Segesta | Standard Liege | MSV Duisburg | Halmstads BK | Austria Salzburg | Ruch Chorzow | Vojvodina | Metz | Rennes | Sigma Olomouc | Zenit Saint Petersburg | Basel | Brescia | Pasching | Heerenveen | VfL Wolfsburg | Atletico Madrid | Leiria | Slovan Liberec | CFR Cluj | Deportivo La Coruna
46%
No matching quizzes found
Score Distribution
Percent of People with Each Score
Percentile by Number Answered
Your Score History
You have not taken this quiz